000 00766nam a22002537a 4500
003 OSt
005 20260324125343.0
008 260324b |||||||| |||| 00| 0 eng d
020 _a978-93-88028-57-8
037 _cTextbook
040 _aFEDL
_beng
_cFEDL
041 _ahin
_hhin
082 _a371.26 MAN/R
100 _aMangal, S. K.
245 _aAdhigam ke liye mulyankan [hindi]/
_cby S. K. Mangal; Shubhra Mangal
260 _aDelhi
_bPHI Learning Private Limited
_c2025
300 _axv, 352p.
365 _aINR
_b750.00
650 _aTESTS ANDMEASUREMENT
_91175055
650 _aASSESSMENT FOR LEARNING
_91175057
700 _aMangal, Shubhra
942 _2ddc
_cTB
_h371.26 MAN/R
_n0
999 _c1772826
_d1772826